<?xml version="1.0" encoding="UTF-8"?>
<record
    xmlns:xsi="http://www.w3.org/2001/XMLSchema-instance"
    xsi:schemaLocation="http://www.loc.gov/MARC21/slim http://www.loc.gov/standards/marcxml/schema/MARC21slim.xsd"
    xmlns="http://www.loc.gov/MARC21/slim">

  <leader>02049nam a2200301   4500</leader>
  <controlfield tag="001">113528</controlfield>
  <controlfield tag="003">DR-UNIBE</controlfield>
  <controlfield tag="005">20251028102338.0</controlfield>
  <controlfield tag="008">250501b2006    mx ||||| |||| 00| 0 spa d</controlfield>
  <datafield tag="020" ind1=" " ind2=" ">
    <subfield code="a">9789707125667</subfield>
  </datafield>
  <datafield tag="040" ind1=" " ind2=" ">
    <subfield code="a">BIBLIOTECA UNIBE</subfield>
    <subfield code="b">spa</subfield>
    <subfield code="c">BIBLIOTECA UNIBE</subfield>
    <subfield code="e">rda</subfield>
  </datafield>
  <datafield tag="041" ind1=" " ind2=" ">
    <subfield code="a">spa</subfield>
  </datafield>
  <datafield tag="082" ind1=" " ind2=" ">
    <subfield code="2">22</subfield>
    <subfield code="a">342.972 M611t</subfield>
  </datafield>
  <datafield tag="110" ind1=" " ind2="0">
    <subfield code="a">Mexico. Suprema Corte de Justicia de la Naci&#xF3;n</subfield>
    <subfield code="e">autor</subfield>
    <subfield code="9">194807</subfield>
  </datafield>
  <datafield tag="245" ind1="1" ind2="4">
    <subfield code="a">Los tribunales constitucionales y la Suprema Corte de Justicia de la Naci&#xF3;n /</subfield>
    <subfield code="c">edici&#xF3;n: Comit&#xE9; de Publicaciones y Promoci&#xF3;n Educativa ; fot&#xF3;grafo de portada: Ernesto Lehn ; pintor del mural de portada: H&#xE9;ctor Cruz Garc&#xED;a</subfield>
  </datafield>
  <datafield tag="250" ind1=" " ind2=" ">
    <subfield code="a">Segunda edici&#xF3;n</subfield>
  </datafield>
  <datafield tag="260" ind1=" " ind2=" ">
    <subfield code="a">M&#xE9;xico : </subfield>
    <subfield code="b">Suprema Corte de Justicia de la Naci&#xF3;n, </subfield>
    <subfield code="c">2006</subfield>
  </datafield>
  <datafield tag="300" ind1=" " ind2=" ">
    <subfield code="a">144 p&#xE1;ginas :</subfield>
    <subfield code="c">221 x 15 cm</subfield>
  </datafield>
  <datafield tag="500" ind1=" " ind2=" ">
    <subfield code="a">Portada: Detalle del mura "G&#xE9;nesis, nacimiento de una naci&#xF3;n, or&#xED;genes de la creaci&#xF3;n de la SCJN" , de H&#xE9;ctor Cruz Garc&#xED;a. Comentario de la obra en la contraportada</subfield>
  </datafield>
  <datafield tag="505" ind1=" " ind2=" ">
    <subfield code="a">Presentaci&#xF3;n |
I. La supremac&#xED;a constitucional |
II.  La defensa de la Constituci&#xF3;n y el derecho procesal constitucional |
III. Los sistemas de control constitucional |
IV. Concepto y caracter&#xED;sticas de los tribunales constitucionales |
V. Las funciones legislativas de los tribunales constitucionales |
VI. Las funciones interpretativas de los tribunales constitucionales |
VII. Las sentencias de los
VIII. Los tribunales constitucionales |
IX. El car&#xE1;cter de Tribunal Constitucional de la Suprema Corte de Justicia de la Naci&#xF3;n |
Ep&#xED;logo |
Bibliograf&#xED;a |
Normativa </subfield>
  </datafield>
  <datafield tag="650" ind1=" " ind2="7">
    <subfield code="2">lemb</subfield>
    <subfield code="a">Tribunales constitucionales </subfield>
    <subfield code="z">M&#xE9;xico</subfield>
    <subfield code="9">200283</subfield>
  </datafield>
  <datafield tag="651" ind1=" " ind2="7">
    <subfield code="2">lemb</subfield>
    <subfield code="a">Mexico </subfield>
    <subfield code="x">Tribunales constitucionales</subfield>
    <subfield code="9">194811</subfield>
  </datafield>
  <datafield tag="651" ind1=" " ind2="7">
    <subfield code="2">lemb</subfield>
    <subfield code="a">M&#xE9;xico</subfield>
    <subfield code="x">Derecho constitucional</subfield>
    <subfield code="9">193164</subfield>
  </datafield>
  <datafield tag="700" ind1="1" ind2="0">
    <subfield code="a">Lehn, Ernesto</subfield>
    <subfield code="9">194808</subfield>
    <subfield code="e">fot&#xF3;grafo de portada</subfield>
  </datafield>
  <datafield tag="700" ind1="1" ind2="0">
    <subfield code="a">Cruz Garc&#xED;a, H&#xE9;ctor,</subfield>
    <subfield code="d">1932-</subfield>
    <subfield code="9">194809</subfield>
    <subfield code="e">pintor del mural de portada</subfield>
  </datafield>
  <datafield tag="710" ind1="1" ind2="0">
    <subfield code="a">Comit&#xE9; de Publicaciones y Promoci&#xF3;n Educativa</subfield>
    <subfield code="9">194812</subfield>
    <subfield code="e">editor</subfield>
    <subfield code="e">presentador</subfield>
  </datafield>
  <datafield tag="942" ind1=" " ind2=" ">
    <subfield code="2">ddc</subfield>
    <subfield code="c">BK</subfield>
  </datafield>
  <datafield tag="999" ind1=" " ind2=" ">
    <subfield code="c">113528</subfield>
    <subfield code="d">113528</subfield>
  </datafield>
  <datafield tag="952" ind1=" " ind2=" ">
    <subfield code="0">0</subfield>
    <subfield code="1">0</subfield>
    <subfield code="2">ddc</subfield>
    <subfield code="7">0</subfield>
    <subfield code="8">GEN</subfield>
    <subfield code="a">Principal</subfield>
    <subfield code="d">2025-04-08</subfield>
    <subfield code="l">0</subfield>
    <subfield code="o">342.972 M611t</subfield>
    <subfield code="p">250379</subfield>
    <subfield code="r">2025-05-01 11:49:39</subfield>
    <subfield code="t">Ej. 1</subfield>
    <subfield code="w">2025-05-01</subfield>
    <subfield code="y">BK</subfield>
  </datafield>
</record>
